Music Quiz

Random Music or Musical Quiz

Musical Lyrics 2 Quiz Stats

 Plays Quiz not verified by Sporcle

Challenge
Share
Tweet
Embed
Score 0/87 Timer 05:00
0 Plays Today
% Correct
a
93.9%
a
93.9%
and
93.9%
and
93.9%
a
93.9%
a
93.9%
a
93.9%
a
93.9%
a
93.9%
and
93.9%
and
93.9%
and
93.9%
you
81.8%
my
63.6%
my
63.6%
I'll
57.6%
to
54.5%
to
54.5%
to
54.5%
of
51.5%
of
51.5%
for
48.5%
for
48.5%
for
48.5%
for
48.5%
for
48.5%
for
48.5%
for
48.5%
we're
45.5%
% Correct
there
45.5%
there
45.5%
take
42.4%
with
36.4%
us
33.3%
us
33.3%
us
33.3%
us
33.3%
us
33.3%
we'll
33.3%
new
33.3%
We'll
33.3%
us
33.3%
us
33.3%
There's
30.3%
place
30.3%
place
30.3%
There's
30.3%
way
30.3%
way
30.3%
There's
30.3%
place
30.3%
place
30.3%
way
30.3%
Somewhere
27.3%
somewhere
27.3%
time
27.3%
someday
27.3%
time
27.3%
% Correct
Time
27.3%
time
27.3%
time
27.3%
time
27.3%
Someday
27.3%
somewhere
27.3%
find
27.3%
living
27.3%
find
27.3%
somewhere
27.3%
time
27.3%
Hold
27.3%
hand
27.3%
half
27.3%
hold
27.3%
hand
27.3%
Somehow
27.3%
someday
27.3%
somewhere
27.3%
Peace
21.2%
quiet
21.2%
open
21.2%
air
21.2%
wait
21.2%
spare
21.2%
forgiving
21.2%
together
18.2%
care
18.2%
look
9.1%

You're not logged in!

Compare scores with friends on all Sporcle quizzes.
OR
Log In

You Might Also Like...

Show Comments

Extras

Created Apr 25, 2012ReportNominate
Tags:Musical Quiz

Top Quizzes Today


Score Distribution

Your Account Isn't Verified!

In order to create a playlist on Sporcle, you need to verify the email address you used during registration. Go to your Sporcle Settings to finish the process.

Report this User

Report this user for behavior that violates our Community Guidelines.

Details: